| 000 | 00792nam a2200301 a 4500 | ||
|---|---|---|---|
| 003 | AR-BaBNM | ||
| 005 | 20251128210153.0 | ||
| 008 | 082120s2002 ||||||||||||||000 | spa|| | ||
| 020 | _a950-04-1946-7 | ||
| 040 | _cAR-BaBNM | ||
| 100 | 1 | _aD´Orbigny, Alcide | |
| 245 | 0 | 0 |
_aViaje por América meridional _n2 |
| 260 |
_aBuenos Aires _bEmecé _c1999 |
||
| 300 |
_a570 p. _btablas, láms. |
||
| 490 | 0 | _aMemoria argentina | |
| 500 | _aNotas a pie de página | ||
| 650 | 4 | _aEXPEDICIONES CIENTIFICAS | |
| 650 | 4 | _aEXPLORACION | |
| 650 | 4 | _aSIGLO DIECINUEVE | |
| 650 | 4 | _aHISTORIA | |
| 650 | 4 | _aDESCUBRIMIENTOS CIENTIFICOS | |
| 651 | 4 | _aArgentina | |
| 651 | 4 | _aAmérica Latina | |
| 653 | _aVIAJEROS | ||
| 800 | 1 |
_aCasares, Alberto _edirector |
|
| 942 | _cBK | ||
| 998 | _cMariana | ||
| 999 |
_c14359 _d14359 |
||